000 00810cam a2200265 4500
001 J226
008 090401t1989 xxu||||| |||| 00| 0 eng d
035 _a(Sirsi) u73903
041 _aeng
050 _a692.8
090 _aJCT 1989/10AC
110 _aJoint Contracts Tribunal
_93664
245 _aStandard form of building contract with contractor`s design 1981 edition incorporating Amendments 1 to 5: Practice Note CD/1B...
250 _aRev. ed.
260 _aLondon
_bRoyal Institute of British Architects
_c1989
300 _a32p. ; 30cm.
350 _a0
490 _aJCT Practice Note
_vCD/1B s
520 _aLoan copy is a photocopy
650 _aDESIGN AND BUILD CONTRACTS
650 _aJCT
690 _aBUILT ENVIRONMENT-BUILDING CONTRACT FORMS
942 _n0
948 _c04/03/1997
999 _c95734
_d95734